Queen Studio Albums - Statistics

General Stats
  • This quiz has been taken 21 times
  • The average score is 13 of 15
Answer Stats
Release Year Answer % Correct
1975 A Night at the Opera
95%
1978 Jazz
95%
1973 Queen
95%
1976 A Day at the Races
90%
1974 Queen II
90%
1982 Hot Space
85%
1977 News of the World
85%
1980 The Game
85%
1980 Flash Gordon
80%
1991 Innuendo
80%
1974 Sheer Heart Attack
80%
1989 The Miracle
80%
1984 The Works
80%
1986 A Kind of Magic
75%
1995 Made In Heaven
75%
No matching quizzes found
Score Distribution
Percent of People with Each Score
Percentile by Number Answered
Your Score History
You have not taken this quiz